00253nam a22000977a 4500008004100000082002000041245003900061260003600100300000900136440001000145230627b xxu||||| |||| 00| 0 eng d a338.9bJDS 1999 aThe Journal of Development Studies aUKbFrank Cass Publishersc1999 a215p n4v35